Los misterios de colores / (Registro nro. 8972)

Detalles MARC
000 -LEADER
fixed length control field 00819nam a2200289 4500
001 - CONTROL NUMBER
control field 000427291
003 - CONTROL NUMBER IDENTIFIER
control field DO-SdBNP
005 - DATE AND TIME OF LATEST TRANSACTION
control field 20180131150724.0
007 - PHYSICAL DESCRIPTION FIXED FIELD--GENERAL INFORMATION
fixed length control field 000427291
008 - FIXED-LENGTH DATA ELEMENTS--GENERAL INFORMATION
fixed length control field 950111s1993 sp | |||| ||spa
016 7# - NATIONAL BIBLIOGRAPHIC AGENCY CONTROL NUMBER
Record control number
Source BPMSU
017 ## - COPYRIGHT OR LEGAL DEPOSIT NUMBER
Copyright or legal deposit number
Assigning agency
020 ## - INTERNATIONAL STANDARD BOOK NUMBER
International Standard Book Number 8481300209
035 ## - SYSTEM CONTROL NUMBER
System control number
040 ## - CATALOGING SOURCE
Original cataloging agency BPMSU
Language of cataloging spa
Transcribing agency BPMSU
Description conventions
080 #0 - UNIVERSAL DECIMAL CLASSIFICATION NUMBER
Universal Decimal Classification number
100 1# - MAIN ENTRY--PERSONAL NAME
Personal name Marsé, Juan,
Dates associated with a name 1933-
240 13 - UNIFORM TITLE
Uniform title <a href="La oscura historia de la prima Montse">La oscura historia de la prima Montse</a>
Form subheading Selección
245 14 - TITLE STATEMENT
Title Los misterios de colores /
Statement of responsibility, etc. Juan Marsé.
Medium
260 ## - PUBLICATION, DISTRIBUTION, ETC. (IMPRINT)
Place of publication, distribution, etc. Barcelona :
Name of publisher, distributor, etc. Primera Plana,
Date of publication, distribution, etc. 1993.
300 ## - PHYSICAL DESCRIPTION
Extent 95 p. :
Dimensions 21 cm.
490 1# - SERIES STATEMENT
Series statement Biblioteca de literatura universal
Volume/sequential designation 22
830 #0 - SERIES ADDED ENTRY--UNIFORM TITLE
Name of part/section of a work Biblioteca de literatura universal
Volume number/sequential designation 22
942 ## - ADDED ENTRY ELEMENTS (KOHA)
Source of classification or shelving scheme Dewey Decimal Classification
Koha item type Libros
945 ## - LOCAL PROCESSING INFORMATION (OCLC)
a Inventariado, 2018 /LP
956 ## - LOCAL ELECTRONIC LOCATION AND ACCESS (OCLC)
Host name VMATEO
Access method 10
Materials specified 20151130
Linkage BPMSU
Field link and sequence number 00151
Existencias
Withdrawn status Lost status Source of classification or shelving scheme Damaged status Not for loan Collection code Home library Current library Date acquired Source of acquisition Total Checkouts Barcode Date last seen Price effective from Koha item type
    Dewey Decimal Classification     Colección General Biblioteca Pública Metropolitana Salomé Ureña Biblioteca Pública Metropolitana Salomé Ureña 11/30/2015 FUNDI   BPMSU15110556 11/30/2015 11/30/2015 Libros